La estética de la arquitectura
Furkejuvvon:
| Váldodahkki: | |
|---|---|
| Materiálatiipa: | Girji |
| Giella: | espánnjágiella |
| Almmustuhtton: |
Madrid
Alianza
1979
|
| Ráidu: | Alianza Forma, 51
|
| Fáttát: | |
| Fáddágilkorat: |
Lasit fáddágilkoriid
Eai fáddágilkorat, Lasit vuosttaš fáddágilkora!
|
MARC
| LEADER | 00000nam a2200000 a 4500 | ||
|---|---|---|---|
| 001 | UCV7674 | ||
| 003 | CL-VaPUC | ||
| 008 | 890531e19790000SP |||||||||||||||||spa|d | ||
| 082 | 0 | 4 | |a 720 |b SCR |2 21 |
| 100 | 0 | |a Scruton, Roger |e author |9 301808 | |
| 245 | 1 | 3 | |a La estética de la arquitectura |
| 300 | |a 287 p | ||
| 942 | |c BK | ||
| 945 | |d 19890531 00:00:00 | ||
| 260 | |a Madrid |b Alianza |c 1979 | ||
| 650 | 0 | |a Arquitectura |v Estética |9 265339 | |
| 583 | |a last modification |c 19890531 00:00:00 |k Rodrigo Vera | ||
| 490 | 0 | |a Alianza Forma, 51 | |
| 999 | |c 213317 |d 213315 | ||
| 952 | |0 0 |1 0 |4 0 |6 720_000000000000000_SCR_1979 |7 0 |8 A |9 195586 |a BIBARQ |b BIBARQ |d 2019-11-14 |i 2636107 |l 1 |m 1 |o 720 SCR 1979 |p 2636107 |r 2025-01-20 |s 2022-10-06 |w 2019-11-14 |y BK |k ARQ | ||